000 00482nam a2200133Ia 4500
008 170221s9999 xx 000 0 und d
100 _aKarthik Balakrishnan
245 4 _aThe Effect of Accounting Conservatism on Corporate Investment during the Global Financial Crisis (pages 513–542)
245 _cKarthik Balakrishnan, Ross Watts and Luo Zuo
260 _c2012
300 _a20 : 1
650 _xBusiness
856 _uhttp://onlinelibrary.wiley.com/doi/10.1111/jbfa.12206/pdf
999 _c311681
_d311681